Statistics for Popularity of US presidents

Click here to take the quiz!

General Stats

  • This quiz has been taken 23 times
  • The average score is 22 of 44

Answer Stats

Ranking Birth state President % Correct
2VirigniaGeorge Washington
100%
1KentuckyAbraham Lincoln
95%
8HawaiiBarack Obama
80%
3New YorkFranklin D. Roosevelt
80%
13ArkansasBill Clinton
75%
44New YorkDonald Trump
75%
5VirginiaThomas Jefferson
70%
4New YorkTheodore Roosevelt
70%
7TexasDwight D. Eisenhower
65%
30ConnecticutGeorge W. Bush
60%
6MissouriHarry Truman
60%
14MassachusettsJohn Adams
60%
17MassachusettsGeorge H. W. Bush
55%
33CaliforniaRichard Nixon
55%
26GeorgiaJimmy Carter
55%
23MassachusettsJohn Quincy Adams
55%
28VermontCalvin Coolidge
50%
9IllinoisRonald Reagan
50%
10TexasLyndon B Johnson
50%
16MassachusettsJohn F. Kennedy
45%
24New JerseyGrover Cleveland
45%
18VirginiaJames Monroe
45%
19OhioWilliam Mckinley
40%
43PennsylvaniaJames Buchanan
40%
36IowaHerbert Hoover
40%
21OhioUlysees S. Grant
40%
20North CarolinaJames Polk
40%
27New YorkMartin Van Buren
40%
11VirginiaWoodrow Wilson
40%
25NebraskaGerald Ford
40%
22OhioWilliam Taft
35%
31VermontChester A. Arthur
35%
42VirginiaWilliam H.Harrison
35%
35VirigniaZachary Taylor
35%
29OhioRutherford B. Hayes
35%
37VirigniaJohn Tyler
35%
38New YorkMillard Fillmore
35%
39OhioWarren G. Harding
35%
41New HampshireFranklin Pierce
30%
12VirginiaJames Madison
30%
40North CarolinaAndrew Johnson
30%
32OhioBenjamin Harrison
30%
34OhioJames A. Garfield
25%
15North CarolinaAndrew Jackson
25%

Score Distribution

Percentile by Number Answered

Percent of People with Each Score

Your Score History

You have not taken this quiz